000 00898nam a22002657a 4500
001 293
003 FISKH
005 20230316160821.0
008 230316b cb ||||| |||| 00| 0 eng d
040 _aFISKH
_beng
_cFISKH
_dFISKH
050 _aPZ7.L58474
082 _a813
100 _aLewis, C.S.
_d1898-1963.
245 _aThe last battle /
_bThe chronicles of narnia
_cC.S. Lewis
260 _aLondon
_bHarperCollins
_c2015
300 _a172 p.
_c18 cm.
490 _aThe chronicles of narnia
_vbk. 7
505 _aQ
520 _aLucy and Edmund, accompanied by their peevish cousin Eustace, sail to the land of Narnia where Eustace is temporarily transformed into a green dragon because of his selfish behavior and skepticism.
521 8 _a890
_bLexile
521 8 _aQ
_bRaz-Plus
650 _afantasy
800 _aLewis, C. S.
_bbk. 7
_d1898-1963.
_qClive Staples
942 _2ddc
_cBK
_n0
999 _c293
_d293